Seis días en la oscuridad /
محفوظ في:
| المؤلف الرئيسي: | |
|---|---|
| مؤلفون آخرون: | , , , , , , , , |
| التنسيق: | |
| اللغة: | الإسبانية |
| منشور في: |
México :
Guerrilla Films,
2002
|
| الموضوعات: | |
| الوسوم: |
لا توجد وسوم, كن أول من يضع وسما على هذه التسجيلة!
|
MARC
| LEADER | 00000ngm^a2200000^a^4500 | ||
|---|---|---|---|
| 001 | 000163324 | ||
| 005 | 20250521000000.0 | ||
| 009 | 20260310100904.47 | ||
| 037 | |a Acervo ITESO - Biblioteca | ||
| 041 | |a ESP | ||
| 082 | |a 860. |b SOR | ||
| 100 | |a Soriano, Gabriel |e (realización) | ||
| 240 | 1 | 1 | |a [Seis días en la oscuridad] |
| 245 | 1 | 0 | |a Seis días en la oscuridad / |c G. Soriano. |
| 264 | 1 | |a México : |b Guerrilla Films, |c 2002 | |
| 264 | 2 | |a México : |b Quality Films [distribución], |c fecha no identificada | |
| 300 | |a 1 DVD regiones 1 y 4 (84 min.) : |b color | ||
| 336 | |a imagen móvil bidimensional |b tdi |2 rdacontenido | ||
| 337 | |a video |b v |2 rdamedio | ||
| 338 | |a videodisco |b vd |2 rdasoporte | ||
| 585 | |a Festival Internacional de Cine de Mar del Plata (18°: 2003): Participante mexicana, sección paralela América Latina XXI | ||
| 649 | |a XX | ||
| 650 | |a Clase Alta en el Cine | ||
| 650 | |a Clase Alta - |z México (Ciudad) - |x Condiciones Sociales y Culturales | ||
| 650 | |a Películas Policíacas | ||
| 650 | |a Películas de Suspenso y Terror | ||
| 650 | |a Opera Prima | ||
| 650 | |a Cine Jalisciense - |y 2000-2009 | ||
| 650 | |a Cine Jalisciense - |y Siglo XXI | ||
| 650 | |a Cine Mexicano - |y 2000-2009 | ||
| 650 | |a Cine Mexicano - |y Siglo XXI | ||
| 650 | |a Traición | ||
| 650 | |a Amistad | ||
| 650 | |a Secuestros - |z México | ||
| 650 | |a Extorsión - |z México | ||
| 650 | |a Amenazas - |z México | ||
| 650 | |a Corrupción - |z México | ||
| 650 | |a Problemas Sociales - |z México | ||
| 650 | |a México (Ciudad) en el Cine | ||
| 700 | |a Soriano, Gabriel |e (guión) | ||
| 700 | |a Ordóñez, Rodrigo |e (guión) | ||
| 700 | |a Cortez, Juan Pablo |e (guión) | ||
| 700 | |a Díaz Cano, Aram |e (fotógrafo) | ||
| 700 | |a Arauz, Martha Isabel |e (vestuario) | ||
| 700 | |a Nava, Lino |e (música) | ||
| 700 | |a Paleta, Ludwika |e (actuación) | ||
| 700 | |a Fernández, Mauricio |e (actuación) | ||
| 700 | |a Bitter, Alan |e (actuación) | ||
| 910 | |a Fondo General | ||
| 920 | |a Audiovisuales - DVDs | ||
| 940 | |a Películas | ||
| 905 | |a 302 | ||
| 901 | |a 0500088068 |b IT2 |c DVS |u 20250521 | ||
| 902 | |a https://opac.biblio.iteso.mx/vufind/Record/000163324 | ||